书目信息 |
| 题名: |
空气压缩机设备手册
|
|
| 作者: | ;动力手册编写组 编 | |
| 分册: | ||
| 出版信息: | 北京 国防工业出版社 1972 |
|
| 页数: | 207页 | |
| 开本: | 26cm | |
| 丛书名: | ||
| 单 册: | ||
| 中图分类: | TH45-62 | |
| 科图分类: | ||
| 主题词: | 空气压缩机--设备--手册 | |
| 电子资源: | ||
| ISBN: | 15034.1279 | |
| 000 | 00714cam0 2200241 450 | |
| 001 | 0105510382 | |
| 005 | 20080129140311.0 | |
| 010 | @a15034.1279@dCNY1.40 | |
| 091 | @a15034.1279@dCNY1.40 | |
| 100 | @a19960229d1972 em y0chiy0110 ea | |
| 101 | 0 | @achi |
| 102 | @aCN@b110000 | |
| 105 | @afk z 000yy | |
| 106 | @ar | |
| 200 | 1 | @a空气压缩机设备手册@9Kong Qi Ya Suo;Su Ji She Bei Shou Ce @f《动力手册》编写组编@b专著 |
| 210 | @a北京@c国防工业出版社@d1972 | |
| 215 | @a207页@c图表@d26cm | |
| 606 | 0 | @a空气压缩机@x设备@x手册 |
| 690 | @aTH45-62@v3 | |
| 711 | 02 | @a动力手册编写组@9dong li shou ce bian xie zu@4编 |
| 801 | 0 | @aCN@b广东省中山图书馆 |
| 801 | 2 | @aCN@bAiZhiMarc |
| 905 | @aBZT@dTH45@e1@f1@sTH45/1 | |
| 空气压缩机设备手册/《动力手册》编写组编.-北京:国防工业出版社,1972 |
| 207页:图表;26cm |
| ISBN 15034.1279:CNY1.40 |
| ● |
| 相关链接 |
|
|
|
正题名:空气压缩机设备手册
索取号:TH45/1
 
预约/预借
| 序号 | 登录号 | 条形码 | 馆藏地/架位号 | 状态 | 备注 |
| 1 | 2000082586 | 2000082586 | 旧书回溯/ [索取号:TH45/1] | 在馆 |